000 00579nam a2200217 a 4500
001 BRL_989
005 20190320211001.0
008 301013s1962----mx-#######---#000-1#spa-#
041 _aspa
044 _amx
050 4 _aPQ7297
_b.L48 71 1962
100 1 _aCarballido, Emilio
_925509
245 1 0 _aLa caja vacía
_cpor Emilio Carballido.
260 _aMéxico
_bFondo de Cultura Económica
_c1962
300 _a131 p.
_c18 cm.
440 0 _aLetras mexicanas
_v71
_925510
500 _aAu1086
650 1 4 _aCuentos mexicanos
_ySiglo XX
_925042
902 _aGRL
942 _2lcc
_cB
999 _c9801
_d9801